000 00322nam a2200121Ia 4500
008 220216s9999 xx 000 0 und d
100 _aStephens Bill D
245 0 _aTest for evaluating water-based mold releases
260 _bRubber and Plastics News
_c1993
300 _a81-84
700 _aPatterson David
942 _cJS
999 _c70400
_d70400